00549 2200217 4500001002100000005001500021035002000036245003500056100001600091250000600107300003200113260003600145082001200181084001800193020002200211650003000233990001700263990001700280990001700297990001700314INLIS00000000000025120180921010000 a0010-09180001051 aKhalifah Utsman /cArief Rizal0 aArief Rizal a- a104 hlm. :bilus. ;c21 cm. a[ s.l ] :bCV Jaya Abadi,c2009 a297.648 a297.648 ARI k a978-979-15319-4-8 aSahabat Nabi Muhammad SAW a01035/P/2018 a01036/P/2018 a01037/P/2018 a01038/P/2018